La venganza de una huerfana rusa

Salvato in:
Dettagli Bibliografici
Autore principale: Rousseau, Henri Julien Félix (Autore)
Natura: Libro
Lingua:spagnolo
Pubblicazione: Barcelona José de Olañeta 1979
Serie:Pequeña Biblioteca Calamus Seriptorius, 23
Soggetti:
Tags: Aggiungi Tag
Nessun Tag, puoi essere il primo ad aggiungerne!!

MARC

LEADER 00000nam a2200000 a 4500
001 UCV9601
003 CL-VaPUC
008 921204e19790000SP |||||||||||||||||spa|d
082 0 4 |a 842  |b ROU  |2 21 
100 0 |a Rousseau, Henri Julien Félix  |e author  |9 303625 
245 1 3 |a La venganza de una huerfana rusa 
300 |a 97 p 
942 |c BK 
945 |d 19921204 00:00:00 
260 |a Barcelona  |b José de Olañeta  |c 1979 
650 7 |a DRAMAS FRANCESES  |2 CL-VaPUC  |9 267189 
583 |a last modification  |c 19921204 00:00:00  |k Rodrigo Vera 
490 0 |a Pequeña Biblioteca Calamus Seriptorius, 23 
999 |c 214912  |d 214910 
952 |0 0  |1 0  |4 0  |6 842_000000000000000_ROU_1979  |7 0  |8 A  |9 198740  |a BIBARQ  |b BIBARQ  |d 2019-11-14  |i 2661373  |o 842 ROU 1979  |p 2661373  |r 2025-01-20  |w 2019-11-14  |y BK  |k ARQ